[Event "Santa Rosa Villarreal Memorial 29th"]
[Site "Santa Rosa"]
[Date "2023.12.10"]
[Round "7"]
[White "Frank, Mario Alberto"]
[Black "Rivas, Marcelo"]
[Result "1-0"]
[WhiteElo "2100"]
[BlackElo "1728"]
[PlyCount "105"]
[EventDate "2023.12.08"]
[EventType "swiss"]
[EventRounds "7"]
[EventCountry "ARG"]
[SourceTitle "CB51_2023"]
[SourceDate "2023.12.20"]
[SourceVersion "1"]
[SourceVersionDate "2023.12.20"]
[SourceQuality "1"]

1. c4 c6 2. Nc3 d5 3. d4 Nf6 4. Nf3 e6 5. Bg5 Be7 6. e3 0-0 7. Bd3 Nbd7 8. 0-0 Re8 9. a3 Nf8 10. b4 N6d7 11. Bxe7 Qxe7 12. b5 Nf6 13. bxc6 bxc6 14. c5 Ng6 15. Bxg6 hxg6 16. Qa4 Bd7 17. Ne5 Rec8 18. Rab1 Be8 19. Rb2 Nh5 20. Rfb1 f6 21. Nf3 e5 22. g4 e4 23. Ne1 Qe6 24. gxh5 Qg4+ 25. Ng2 Qxh5 26. Rb7 g5 27. Re7 Rcb8 28. Reb7 Rd8 29. Qd1 Qh6 30. Qg4 Bh5 31. Qe6+ Kh8 32. Qxc6 Bg4 33. Qc7 Rd7 34. Rb8+ Rxb8 35. Rxb8+ Kh7 36. Qc8 Kg6 37. Qe8+ Kh7 38. Qh8+ Kg6 39. Qxh6+ gxh6 40. Ne1 Bh3 41. f3 f5 42. Nb5 f4 43. Kf2 Re7 44. fxe4 Rxe4 45. exf4 Rxf4+ 46. Kg3 Bf5 47. c6 Re4 48. Nf3 Re2 49. Nd6 h5 50. Nxf5 Kxf5 51. c7 h4+ 52. Nxh4+ gxh4+ 53. Kf3 1-0

[Event "Santa Rosa Villarreal Memorial 29th"]
[Site "Santa Rosa"]
[Date "2023.12.08"]
[Round "1"]
[White "Frank, Mario Alberto"]
[Black "De la Cruz Raful, Tiago"]
[Result "1-0"]
[WhiteElo "2100"]
[BlackElo "1556"]
[PlyCount "135"]
[EventDate "2023.12.08"]
[EventType "swiss"]
[EventRounds "7"]
[EventCountry "ARG"]
[SourceTitle "CB51_2023"]
[SourceDate "2023.12.20"]
[SourceVersion "1"]
[SourceVersionDate "2023.12.20"]
[SourceQuality "1"]

1. d4 Nf6 2. Nf3 e6 3. Bg5 h6 4. Bh4 b6 5. e3 Bb7 6. Bd3 g5 7. Bg3 Ne4 8. Bxe4 Bxe4 9. Nc3 Bb7 10. 0-0 d6 11. e4 Nd7 12. d5 h5 13. dxe6 fxe6 14. h4 gxh4 15. Bxh4 Be7 16. Bxe7 Qxe7 17. Qe2 0-0-0 18. Rfd1 Rdg8 19. a4 Qg7 20. Ne1 Rh6 21. f3 h4 22. Rd2 Rg6 23. Nb5 Rg3 24. Nd4 Qh6 25. Ra3 h3 26. Qe3 Qh5 27. Nxe6 hxg2 28. Rxg2 Rh8 29. Kf2 Rxg2+ 30. Nxg2 Qe5 31. Qc3 Qxc3 32. Rxc3 c5 33. b4 Rh6 34. Nef4 Ne5 35. a5 c4 36. axb6 axb6 37. b5 Rh1 38. Ne3 Rb1 39. Nf5 Kd7 40. Nd4 Rd1 41. Nfe2 d5 42. exd5 Bxd5 43. Re3 Nf7 44. Nf5 Ng5 45. Re7+ Kd8 46. f4 Ne4+ 47. Ke3 Rb1 48. Rxe4 Bxe4 49. Kxe4 Rxb5 50. Ned4 Rb1 51. Kd5 Rf1 52. Ne3 Rf2 53. Nxc4 Kc7 54. Nd6 Kd7 55. f5 Rf1 56. c4 Rf2 57. Ke5 Rf1 58. f6 Rxf6 59. Kxf6 Kxd6 60. Nb3 Kc6 61. Ke5 Kc7 62. Kd5 Kd7 63. Nd4 Kc7 64. Nb5+ Kd7 65. Nc3 Kc7 66. Na4 Kb7 67. Kd6 b5 68. cxb5 1-0

[Event "General Pico 113 Anniv sf U1700/2300"]
[Site "General Pico"]
[Date "2018.11.04"]
[Round "5.4"]
[White "Frank, Mario Alberto"]
[Black "Ruiz, Pablo"]
[Result "1/2-1/2"]
[WhiteElo "2152"]
[BlackElo "1792"]
[PlyCount "110"]
[EventDate "2018.11.02"]
[EventType "swiss"]
[EventRounds "6"]
[EventCountry "ARG"]
[SourceTitle "EXT 2024"]
[Source "ChessBase"]
[SourceDate "2023.10.10"]
[SourceVersion "1"]
[SourceVersionDate "2023.10.10"]
[SourceQuality "1"]

1. e4 c5 2. Nc3 Nc6 3. g3 Nf6 4. Bg2 d6 5. Nge2 e5 6. 0-0 Be7 7. d3 0-0 8. f4 a6 9. f5 b5 10. h3 Nd4 11. g4 h6 12. Ng3 Bb7 13. g5 hxg5 14. Bxg5 Nh7 15. Bxe7 Qxe7 16. Nd5 Bxd5 17. exd5 b4 18. c3 Nb5 19. Rc1 bxc3 20. f6 Nxf6 21. Nf5 Qd8 22. bxc3 g6 23. Ng3 Kg7 24. Qf3 Qe7 25. Rc2 Nh7 26. a4 Nc7 27. Rb2 Ra7 28. Rb6 f5 29. Rfb1 Na8 30. Rc6 Ng5 31. Qd1 Nf7 32. d4 exd4 33. cxd4 Qe3+ 34. Kh2 cxd4 35. Rb3 Qe5 36. Kh1 Rh8 37. Ne2 Ng5 38. Qxd4 Qxd4 39. Nxd4 Nf7 40. Ne6+ Kf6 41. Rbc3 g5 42. Kg1 f4 43. Rc1 a5 44. Nd4 Rb8 45. Nb5 Rd7 46. Ra6 Nb6 47. Rxa5 Nxa4 48. Nxd6 Rxd6 49. Rxa4 Nh6 50. Rc6 Rbd8 51. Kf2 Nf5 52. Re4 Rxc6 53. dxc6 Rc8 54. Rc4 Ne3 55. Rc5 Nxg2 1/2-1/2

[Event "Lizarraga Memorial op"]
[Site "Argentina"]
[Date "2017.07.09"]
[Round "4.4"]
[White "De Marzi, Diego"]
[Black "Frank, Mario Alberto"]
[Result "1/2-1/2"]
[WhiteElo "2127"]
[BlackElo "2150"]
[PlyCount "68"]
[EventDate "2017.07.08"]
[EventType "swiss"]
[EventRounds "6"]
[EventCountry "ARG"]
[SourceTitle "EXT 2024"]
[Source "ChessBase"]
[SourceDate "2023.10.10"]
[SourceVersion "1"]
[SourceVersionDate "2023.10.10"]
[SourceQuality "1"]

1. e4 e6 2. Nf3 d5 3. exd5 exd5 4. d4 Nf6 5. Bg5 Be7 6. h3 h6 7. Be3 Bf5 8. Bd3 Bxd3 9. Qxd3 Nc6 10. c3 Qd6 11. Nbd2 a6 12. a4 0-0 13. 0-0 a5 14. Rfe1 Rfe8 15. Ne5 Nxe5 16. dxe5 Qxe5 17. Bc5 Ne4 18. Bd4 Qd6 19. Nxe4 dxe4 20. Qxe4 Qc6 21. Qxc6 bxc6 22. Re2 Bd6 23. Rae1 Rxe2 24. Rxe2 Kf8 25. Kf1 f6 26. Ke1 Re8 27. Rxe8+ Kxe8 28. Kd2 c5 29. Be3 c4 30. Kc2 Kd7 31. b3 cxb3+ 32. Kxb3 Kc6 33. Kc4 f5 34. h4 h5 1/2-1/2

[Event "Buenos Aires Coronel Suarez U2200 2nd"]
[Site "Buenos Aires"]
[Date "2017.04.30"]
[Round "4.3"]
[White "Amoroso, Juan Pablo"]
[Black "Frank, Mario Alberto"]
[Result "1/2-1/2"]
[WhiteElo "1941"]
[BlackElo "2171"]
[PlyCount "109"]
[EventDate "2017.04.29"]
[EventType "swiss"]
[EventRounds "7"]
[EventCountry "ARG"]
[SourceTitle "EXT 2024"]
[Source "ChessBase"]
[SourceDate "2023.10.10"]
[SourceVersion "1"]
[SourceVersionDate "2023.10.10"]
[SourceQuality "1"]

1. c4 e6 2. Nf3 d5 3. g3 Nf6 4. Bg2 Be7 5. 0-0 0-0 6. d4 Nbd7 7. Nc3 c6 8. Qb3 b6 9. Bf4 Ba6 10. cxd5 Nxd5 11. Qa4 Nxf4 12. gxf4 Bb7 13. Rfd1 Qc7 14. Ne5 Nxe5 15. fxe5 b5 16. Qc2 Qb6 17. Ne4 Rac8 18. Nc5 Rc7 19. Rd3 Rd8 20. Rc1 Bc8 21. Be4 h6 22. b4 a5 23. a3 axb4 24. axb4 f5 25. Bg2 Ra7 26. Rcd1 Qc7 27. Rc3 Qb6 28. Qb3 Kf7 29. e3 Bxc5 30. Rxc5 Bd7 31. Rdc1 Rc8 32. e4 fxe4 33. Bxe4 Ra4 34. Qf3+ Kg8 35. Bxc6 Rf8 36. Qb3 Bxc6 37. Qxe6+ Kh8 38. d5 Qd8 39. Rxc6 Qg5+ 40. Kh1 Qf4 41. Qh3 Qxe5 42. Qg2 Rxb4 43. Rg1 Rbf4 44. Re6 Qd4 45. f3 Rxf3 46. Qg6 R3f7 47. Qh5 Qf4 48. d6 Rf5 49. Qe2 Rd5 50. Qg2 Rg5 51. Qe2 Rxg1+ 52. Kxg1 Qg5+ 53. Kh1 Qd5+ 54. Kg1 Qg5+ 55. Kh1 1/2-1/2

[Event "La Pampa Centro de la Republica "]
[Site "La Pampa"]
[Date "2015.10.09"]
[Round "1.2"]
[White "Frank, Mario Alberto"]
[Black "Kittler, Cesar Ruben"]
[Result "1-0"]
[WhiteElo "2184"]
[BlackElo "1671"]
[PlyCount "69"]
[EventDate "2015.10.09"]
[EventType "team-swiss"]
[EventRounds "6"]
[EventCountry "ARG"]
[SourceTitle "CBM 168 Extra"]
[Source "ChessBase"]
[SourceDate "2015.10.29"]
[SourceVersion "1"]
[SourceVersionDate "2015.10.29"]
[SourceQuality "1"]
[WhiteTeam "Dzero Resto Bar"]
[BlackTeam "Equipo Hugo Fornasari"]
[WhiteTeamCountry "ARG"]
[BlackTeamCountry "ARG"]

1. c4 Nf6 2. Nc3 d5 3. cxd5 Nxd5 4. Nf3 e6 5. g3 c5 6. Bg2 Nc6 7. 0-0 Be7 8. d3 0-0 9. Bd2 Bf6 10. Rb1 a6 11. Ne4 Be7 12. Rc1 b6 13. Nc3 Bb7 14. a3 Rc8 15. Qa4 b5 16. Qg4 Nf6 17. Qh3 Na5 18. Rcd1 Nb3 19. Bg5 Qc7 20. e4 Nd4 21. Nxd4 cxd4 22. Ne2 e5 23. f4 h6 24. fxe5 Qxe5 25. Rf5 Qc7 26. Bxf6 Bxf6 27. Rdf1 Be5 28. g4 f6 29. g5 hxg5 30. Qh5 Qc2 31. Bh3 Rce8 32. R5f2 Qxd3 33. Bf5 Bxe4 34. Qh7+ Kf7 35. Bxe4 1-0

[Event "Santa Rosa La Pampa op 2nd"]
[Site "Santa Rosa"]
[Date "2015.07.11"]
[Round "5"]
[White "Mavrich, Leandro"]
[Black "Frank, Mario Alberto"]
[Result "1/2-1/2"]
[WhiteElo "2200"]
[BlackElo "2167"]
[PlyCount "82"]
[EventDate "2015.07.09"]
[EventType "swiss"]
[EventRounds "6"]
[EventCountry "ARG"]
[SourceTitle "CBM 167 Extra"]
[Source "ChessBase"]
[SourceDate "2015.09.14"]
[SourceVersion "1"]
[SourceVersionDate "2015.09.14"]
[SourceQuality "1"]

1. b3 d5 2. Bb2 Bg4 3. h3 Bh5 4. g3 e6 5. Bg2 Nf6 6. Nf3 Bd6 7. g4 Bg6 8. g5 Ne4 9. h4 0-0 10. d3 Nc5 11. h5 Bf5 12. Qd2 Nbd7 13. Nc3 a5 14. 0-0-0 a4 15. e4 dxe4 16. Nxe4 Bxe4 17. dxe4 e5 18. Qe3 Qe7 19. Nh4 Ra6 20. Nf5 Qd8 21. Bf1 Rb6 22. Bc4 Ne6 23. g6 Qf6 24. gxf7+ Rxf7 25. Rhg1 Kh8 26. Rg4 axb3 27. axb3 Rb4 28. Bc3 Rxc4 29. bxc4 Ba3+ 30. Kd2 Nb6 31. Ke2 Nxc4 32. Qa7 Bf8 33. f4 g6 34. fxe5 Nxe5 35. Qa1 Bd6 36. hxg6 hxg6 37. Rh1+ Rh7 38. Rxh7+ Kxh7 39. Qh1+ Kg8 40. Qf1 Kh7 41. Rh4+ Kg8 1/2-1/2

[Event "Santa Rosa La Pampa op 2nd"]
[Site "Santa Rosa"]
[Date "2015.07.10"]
[Round "2"]
[White "Frank, Mario Alberto"]
[Black "Ranalli, Emanuel Eduardo"]
[Result "1-0"]
[WhiteElo "2167"]
[BlackElo "1745"]
[PlyCount "81"]
[EventDate "2015.07.09"]
[EventType "swiss"]
[EventRounds "6"]
[EventCountry "ARG"]
[SourceTitle "CBM 167 Extra"]
[Source "ChessBase"]
[SourceDate "2015.09.14"]
[SourceVersion "1"]
[SourceVersionDate "2015.09.14"]
[SourceQuality "1"]

1. c4 e5 2. Nc3 Nc6 3. Nf3 Bc5 4. e3 d6 5. d4 Bb4 6. Bd2 Nf6 7. Qc2 0-0 8. 0-0-0 Re8 9. d5 Ne7 10. e4 Ng4 11. Be1 f5 12. Bd3 f4 13. h3 Nf6 14. g3 Ng6 15. Ne2 Bxe1 16. Rdxe1 Nh5 17. Reg1 Rf8 18. Nd2 fxg3 19. fxg3 Qg5 20. Kb1 Rf2 21. Qd1 Bd7 22. Nf1 Raf8 23. Qe1 R2f3 24. Bc2 b6 25. Nh2 Rf2 26. Nf1 R2f7 27. Bd1 Qe7 28. Nc3 Qg5 29. h4 Qh6 30. g4 Ngf4 31. gxh5 Nd3 32. Qe3 Qxe3 33. Nxe3 Rf2 34. Be2 Nf4 35. Bg4 Bxg4 36. Nxg4 Rd2 37. Nh6+ Kh8 38. Nf5 Nxh5 39. Kc1 Rf2 40. Rf1 Rg2 41. Ne3 1-0

[Event "Santa Rosa La Pampa op 2nd"]
[Site "Santa Rosa"]
[Date "2015.07.10"]
[Round "3"]
[White "Quiroga, Facundo"]
[Black "Frank, Mario Alberto"]
[Result "0-1"]
[WhiteElo "2279"]
[BlackElo "2167"]
[PlyCount "84"]
[EventDate "2015.07.09"]
[EventType "swiss"]
[EventRounds "6"]
[EventCountry "ARG"]
[SourceTitle "CBM 167 Extra"]
[Source "ChessBase"]
[SourceDate "2015.09.14"]
[SourceVersion "1"]
[SourceVersionDate "2015.09.14"]
[SourceQuality "1"]

1. d4 d5 2. c4 e6 3. Nc3 Be7 4. Nf3 Nf6 5. Bg5 0-0 6. e3 h6 7. Bh4 b6 8. Be2 Bb7 9. 0-0 Nbd7 10. Rc1 c5 11. cxd5 Nxd5 12. Bxe7 Qxe7 13. Nxd5 Bxd5 14. Qa4 cxd4 15. Nxd4 Nc5 16. Qa3 Qg5 17. f3 e5 18. Nb5 e4 19. f4 Qe7 20. Nd4 Rfe8 21. Bb5 Rec8 22. Rfd1 Qf6 23. Ba6 Rd8 24. Rd2 Ne6 25. Rcd1 Nxd4 26. Rxd4 Be6 27. Qa4 Rxd4 28. Rxd4 Rd8 29. a3 Rxd4 30. Qxd4 Qxd4 31. exd4 f5 32. Kf2 Kf7 33. Ke3 Ke7 34. Bb7 Kd6 35. g4 g6 36. h4 fxg4 37. Bxe4 Bf5 38. h5 Bxe4 39. Kxe4 gxh5 40. f5 h4 41. Kf4 h3 42. Kg3 h5 0-1

[Event "IECG CM.2005.0.00286"]
[Site "IECG email"]
[Date "2005.09.21"]
[Round "?"]
[White "Carroll, Patrick J"]
[Black "Frank, Mario Alberto"]
[Result "1-0"]
[WhiteElo "2239"]
[BlackElo "2224"]
[PlyCount "55"]
[EventDate "2005.09.21"]
[EventType "tourn (corr)"]
[EventRounds "6"]
[SourceTitle "Corr 2008"]
[Source "ChessBase"]
[SourceDate "2008.06.24"]
[SourceVersion "1"]
[SourceVersionDate "2008.06.24"]
[SourceQuality "1"]

1. e4 Nf6 2. e5 Nd5 3. d4 d6 4. c4 Nb6 5. exd6 cxd6 6. Nc3 g6 7. Be3 Bg7 8. Rc1 Na6 9. Nf3 0-0 10. c5 dxc5 11. dxc5 Bxc3+ 12. bxc3 Qxd1+ 13. Rxd1 Na4 14. Bh6 N6xc5 15. Bxf8 Kxf8 16. Rd8+ Kg7 17. Bc4 Nxc3 18. 0-0 a6 19. Rc1 N5a4 20. Kf1 b5 21. Bb3 Bb7 22. Rd7 Bxf3 23. gxf3 Nc5 24. Rxe7 Nxb3 25. axb3 b4 26. Rb7 a5 27. Ra1 Rd8 28. Rxa5 1-0

[Event "IECG CM.2005.0.00286"]
[Site "IECG email"]
[Date "2005.09.21"]
[Round "?"]
[White "Damnjanovic, Radovan"]
[Black "Frank, Mario Alberto"]
[Result "1-0"]
[WhiteElo "2244"]
[BlackElo "2224"]
[PlyCount "21"]
[EventDate "2005.09.21"]
[EventType "tourn (corr)"]
[EventRounds "6"]
[SourceTitle "Corr 2024"]
[Source "ChessBase"]
[SourceDate "2023.10.19"]
[SourceVersion "1"]
[SourceVersionDate "2023.10.19"]
[SourceQuality "1"]

1. d4 d5 2. c4 e6 3. Nc3 c5 4. cxd5 cxd4 5. Qa4+ Bd7 6. Qxd4 exd5 7. Qxd5 Nc6 8. Nf3 Nf6 9. Qd1 Bc5 10. e3 Qe7 11. Be2 1-0

[Event "IECG CM.2005.0.00286"]
[Site "IECG email"]
[Date "2005.09.21"]
[Round "?"]
[White "Frank, Mario Alberto"]
[Black "Danzanvilliers, Patrice"]
[Result "0-1"]
[WhiteElo "2224"]
[BlackElo "2213"]
[PlyCount "36"]
[EventDate "2005.09.21"]
[EventType "tourn (corr)"]
[EventRounds "6"]
[SourceTitle "Corr 2008"]
[Source "ChessBase"]
[SourceDate "2008.06.24"]
[SourceVersion "1"]
[SourceVersionDate "2008.06.24"]
[SourceQuality "1"]

1. d4 Nf6 2. Bg5 Ne4 3. Bf4 c5 4. f3 Qa5+ 5. c3 Nf6 6. Nd2 cxd4 7. Nb3 Qb6 8. Qxd4 Nc6 9. Qxb6 axb6 10. Nd4 e5 11. Nxc6 exf4 12. Nd4 d5 13. Kd2 Bc5 14. e3 fxe3+ 15. Kxe3 Kd8 16. Bd3 Nd7 17. Nge2 Re8+ 18. Kd2 Ne5 0-1

[Event "IECG CM.2005.0.00281"]
[Site "IECG email"]
[Date "2005.06.26"]
[Round "?"]
[White "Carroll, Patrick J"]
[Black "Frank, Mario Alberto"]
[Result "1/2-1/2"]
[WhiteElo "2218"]
[BlackElo "2224"]
[PlyCount "113"]
[EventDate "2005.06.26"]
[EventType "tourn (corr)"]
[EventRounds "6"]
[SourceTitle "Corr 2008"]
[Source "ChessBase"]
[SourceDate "2008.06.24"]
[SourceVersion "1"]
[SourceVersionDate "2008.06.24"]
[SourceQuality "1"]

1. e4 Nf6 2. e5 Nd5 3. d4 d6 4. Nf3 Bg4 5. Be2 c6 6. 0-0 Bxf3 7. Bxf3 dxe5 8. dxe5 e6 9. Qe2 Nd7 10. Re1 Qc7 11. a3 Ne7 12. Bf4 Ng6 13. Bg3 a5 14. Nd2 Be7 15. Rad1 0-0 16. Nc4 Rad8 17. Bh5 b5 18. Nd6 Nb6 19. Qg4 Rd7 20. b3 a4 21. b4 Qb8 22. Rd4 Bxd6 23. exd6 f5 24. Qf3 f4 25. Bxf4 Nxf4 26. Rxf4 Rxf4 27. Qxf4 Qxd6 28. Qe4 Nc4 29. Bg4 Re7 30. Be2 Nb2 31. Qe3 Rd7 32. h3 e5 33. Rb1 Nc4 34. Bxc4+ bxc4 35. Re1 Qd4 36. Qxe5 Qxe5 37. Rxe5 Rd1+ 38. Kh2 Rd2 39. Rc5 Rxc2 40. Rxc6 Rc3 41. b5 Rxa3 42. Rxc4 Rb3 43. Rxa4 Rxb5 44. Ra7 h5 45. h4 Kh7 46. Ra6 Kg8 47. f4 Kf7 48. Rd6 Ra5 49. Kh3 Rb5 50. Kg3 Ra5 51. Kf3 Ra3+ 52. Ke2 Ra2+ 53. Rd2 Ra5 54. Kf3 Kf6 55. g3 g6 56. Rd3 Kf5 57. Re3 1/2-1/2

[Event "IECG CM.2005.0.00281"]
[Site "IECG email"]
[Date "2005.06.26"]
[Round "?"]
[White "Frank, Mario Alberto"]
[Black "Roberts, Anthony"]
[Result "1/2-1/2"]
[WhiteElo "2224"]
[BlackElo "2292"]
[PlyCount "83"]
[EventDate "2005.06.26"]
[EventType "tourn (corr)"]
[EventRounds "6"]
[SourceTitle "Corr 2008"]
[Source "ChessBase"]
[SourceDate "2008.06.24"]
[SourceVersion "1"]
[SourceVersionDate "2008.06.24"]
[SourceQuality "1"]

1. d4 d5 2. c4 c6 3. Nf3 Nf6 4. Nc3 dxc4 5. a4 Bf5 6. Ne5 e6 7. f3 Bb4 8. e4 Bxe4 9. fxe4 Nxe4 10. Bd2 Qxd4 11. Nxe4 Qxe4+ 12. Qe2 Bxd2+ 13. Kxd2 Qd5+ 14. Kc2 Na6 15. Nxc4 0-0 16. Qe5 Rfd8 17. Be2 f6 18. Qxd5 cxd5 19. Na5 Rdc8+ 20. Kb1 Nb4 21. Nxb7 Rab8 22. Na5 Rc2 23. Re1 e5 24. Ra3 Rc5 25. Nb3 Rc2 26. a5 d4 27. Ra4 d3 28. Bf3 Kf8 29. Rc1 Rxc1+ 30. Kxc1 f5 31. Kd2 e4 32. Nc5 Rc8 33. Nxe4 Rc2+ 34. Ke3 fxe4 35. Rxb4 exf3 36. gxf3 Rxh2 37. Kxd3 h5 38. b3 h4 39. Rb8+ Kf7 40. Rb7+ Kf6 41. Rxa7 h3 42. Rc7 1/2-1/2

[Event "IECG CM.2005.0.00281"]
[Site "IECG email"]
[Date "2005.06.26"]
[Round "?"]
[White "Gresshoff, Werner"]
[Black "Frank, Mario Alberto"]
[Result "1/2-1/2"]
[WhiteElo "2246"]
[BlackElo "2224"]
[PlyCount "36"]
[EventDate "2005.06.26"]
[EventType "tourn (corr)"]
[EventRounds "6"]
[SourceTitle "Corr 2008"]
[Source "ChessBase"]
[SourceDate "2008.06.24"]
[SourceVersion "1"]
[SourceVersionDate "2008.06.24"]
[SourceQuality "1"]

1. d4 d5 2. Nf3 e6 3. g3 c5 4. Bg2 Nc6 5. 0-0 cxd4 6. Nxd4 Bc5 7. Nb3 Bb6 8. c4 Nf6 9. cxd5 Nxd5 10. Na3 0-0 11. Nc4 Bc7 12. Ne3 Qe7 13. Nxd5 exd5 14. Be3 Rd8 15. Qd2 Bf5 16. Nd4 Be4 17. Rac1 Bxg2 18. Kxg2 Be5 1/2-1/2

[Event "IECG CM.2004.0.00255 email"]
[Site "IECG email"]
[Date "2004.08.24"]
[Round "?"]
[White "Frank, Mario Alberto"]
[Black "Cinca, Daniel"]
[Result "1-0"]
[WhiteElo "2211"]
[BlackElo "2216"]
[PlyCount "32"]
[EventDate "2004.08.24"]
[EventType "tourn (corr)"]
[EventRounds "6"]
[SourceTitle "Corr 2008"]
[Source "ChessBase"]
[SourceDate "2008.06.24"]
[SourceVersion "1"]
[SourceVersionDate "2008.06.24"]
[SourceQuality "1"]

1. d4 e5 2. dxe5 Nc6 3. Nf3 Qe7 4. Qd5 f6 5. exf6 Nxf6 6. Qb3 d5 7. Nc3 Bd7 8. Nxd5 Nxd5 9. Qxd5 Nb4 10. Qc4 Bf5 11. Nd4 0-0-0 12. Nxf5 Qd7 13. f4 Qxf5 14. e4 Qc5 15. Qxc5 Bxc5 16. Rb1 Nxc2+ 1-0

[Event "IECG CM.2004.0.00248 email"]
[Site "IECG email"]
[Date "2004.05.16"]
[Round "?"]
[White "Lifshitz, Samuel"]
[Black "Frank, Mario Alberto"]
[Result "1/2-1/2"]
[WhiteElo "2230"]
[BlackElo "2201"]
[PlyCount "50"]
[EventDate "2004.05.16"]
[EventType "tourn (corr)"]
[EventRounds "6"]
[SourceTitle "Corr 2008"]
[Source "ChessBase"]
[SourceDate "2008.06.24"]
[SourceVersion "1"]
[SourceVersionDate "2008.06.24"]
[SourceQuality "1"]

1. e4 Nf6 2. e5 Nd5 3. d4 d6 4. Nf3 g6 5. Bc4 Nb6 6. Bb3 Bg7 7. Ng5 e6 8. Qf3 Qe7 9. Ne4 dxe5 10. Bg5 Qb4+ 11. c3 Qa5 12. Bf6 0-0 13. Bxg7 Kxg7 14. Qf6+ Kg8 15. Qxe5 Qxe5 16. dxe5 N8d7 17. f4 a5 18. a4 f5 19. Bxe6+ Kg7 20. Bxd7 fxe4 21. Bxc8 Raxc8 22. Rf1 Rce8 23. h4 h6 24. Nd2 g5 25. hxg5 hxg5 1/2-1/2

[Event "IECG WC.2003.F.00003 email"]
[Site "IECG email"]
[Date "2003.12.20"]
[Round "?"]
[White "Frank, Mario Alberto"]
[Black "Braun, Ingram H"]
[Result "1/2-1/2"]
[WhiteElo "2224"]
[BlackElo "2253"]
[PlyCount "63"]
[EventDate "2003.12.20"]
[EventType "tourn (corr)"]
[EventRounds "14"]
[SourceTitle "Corr 2008"]
[Source "ChessBase"]
[SourceDate "2008.06.24"]
[SourceVersion "1"]
[SourceVersionDate "2008.06.24"]
[SourceQuality "1"]

1. e4 c5 2. c3 e6 3. d4 d5 4. e5 Nc6 5. Nf3 Qb6 6. a3 Nh6 7. b4 cxd4 8. cxd4 Nf5 9. Be3 g6 10. Bd3 Nxe3 11. fxe3 Bg7 12. 0-0 0-0 13. Nc3 Bd7 14. Rc1 f6 15. exf6 Rxf6 16. Na4 Qd8 17. Nc5 Bc8 18. Qe1 Ne7 19. Qh4 Nf5 20. Bxf5 exf5 21. Nd3 b6 22. Nde5 Ba6 23. Rf2 Rf8 24. Qxd8 Rfxd8 25. Rfc2 Bh6 26. Kf2 f4 27. exf4 Bxf4 28. Re1 Rac8 29. Nc6 Kh8 30. g3 Bh6 31. a4 Bd3 32. Rc3 1/2-1/2

[Event "IECG WC.2003.F.00003 email"]
[Site "IECG email"]
[Date "2003.12.20"]
[Round "?"]
[White "Mauro, Lucio"]
[Black "Frank, Mario Alberto"]
[Result "1/2-1/2"]
[WhiteElo "2300"]
[BlackElo "2224"]
[PlyCount "98"]
[EventDate "2003.12.20"]
[EventType "tourn (corr)"]
[EventRounds "14"]
[SourceTitle "Corr 2008"]
[Source "ChessBase"]
[SourceDate "2008.06.24"]
[SourceVersion "1"]
[SourceVersionDate "2008.06.24"]
[SourceQuality "1"]

1. e4 c5 2. Nf3 Nc6 3. d4 cxd4 4. Nxd4 Nf6 5. Nc3 e5 6. Ndb5 d6 7. Bg5 a6 8. Na3 b5 9. Bxf6 gxf6 10. Nd5 Bg7 11. c3 Ne7 12. Nxe7 Qxe7 13. Nc2 f5 14. exf5 Bb7 15. Ne3 0-0 16. Be2 e4 17. Qb3 d5 18. Rd1 b4 19. 0-0 bxc3 20. bxc3 Rfc8 21. Nxd5 Bxd5 22. Rxd5 Rxc3 23. Qa4 Ra3 24. Qc6 Qe8 25. Qd6 Rc3 26. Qf4 Bf6 27. Rfd1 e3 28. fxe3 Qxe3+ 29. Qxe3 Rxe3 30. Kf2 Rc3 31. Ra5 Rc2 32. Kf3 Kg7 33. Rd7 Rc3+ 34. Kg4 Re8 35. Bf3 Rc4+ 36. Kh3 Rh4+ 37. Kg3 Rh6 38. Bd5 Re7 39. Rxe7 Bxe7 40. Bc4 Bd6+ 41. Kf2 Rh4 42. Be2 Rxh2 43. Rxa6 Rh6 44. Kf3 Bc7 45. Ra7 Rc6 46. Ke4 Rc5 47. a4 Kf6 48. g4 Kg5 49. Ra8 h6 1/2-1/2

[Event "IECG CM.2003.0.00222 email"]
[Site "IECG email"]
[Date "2003.05.20"]
[Round "?"]
[White "Borelli, Carlo"]
[Black "Frank, Mario Alberto"]
[Result "1/2-1/2"]
[WhiteElo "2217"]
[BlackElo "2223"]
[PlyCount "80"]
[EventDate "2003.05.20"]
[EventType "tourn (corr)"]
[EventRounds "5"]
[SourceTitle "Corr 2008"]
[Source "ChessBase"]
[SourceDate "2008.06.24"]
[SourceVersion "1"]
[SourceVersionDate "2008.06.24"]
[SourceQuality "1"]

1. e4 e5 2. Nf3 Nc6 3. Bc4 Nf6 4. Ng5 d5 5. exd5 Na5 6. Bb5+ c6 7. dxc6 bxc6 8. Bd3 Nd5 9. Nf3 Bd6 10. 0-0 0-0 11. Re1 Qc7 12. Bf1 f5 13. d3 e4 14. dxe4 fxe4 15. Rxe4 Bf5 16. Ra4 Nb4 17. Na3 Bg4 18. Be2 Rad8 19. Qe1 c5 20. Bg5 Rde8 21. Nb5 Qb8 22. Nxd6 Qxd6 23. Rxa5 Bxf3 24. Bc4+ Kh8 25. Qd2 Qc7 26. Ra3 Ba8 27. f3 h6 28. Be3 Rf5 29. c3 Nc6 30. Bb5 Rd8 31. Qc2 Rh5 32. f4 Ne5 33. Qe2 Rh4 34. fxe5 Qxe5 35. h3 Rxh3 36. gxh3 Rf8 37. Bf4 Qxf4 38. c4 Qg5+ 39. Kh2 Rd8 40. Re3 Qf4+ 1/2-1/2

[Event "IECG CM.2003.0.00222 email"]
[Site "IECG email"]
[Date "2003.05.20"]
[Round "?"]
[White "Frank, Mario Alberto"]
[Black "Sacerdotali, Sergio"]
[Result "0-1"]
[WhiteElo "2223"]
[BlackElo "2272"]
[PlyCount "72"]
[EventDate "2003.05.20"]
[EventType "tourn (corr)"]
[EventRounds "5"]
[SourceTitle "Corr 2008"]
[Source "ChessBase"]
[SourceDate "2008.06.24"]
[SourceVersion "1"]
[SourceVersionDate "2008.06.24"]
[SourceQuality "1"]

1. e4 e5 2. Nf3 Nc6 3. d4 exd4 4. Nxd4 Bc5 5. Nb3 Bb6 6. a4 a5 7. Nc3 Qf6 8. Qe2 Nb4 9. Nb5 Ne7 10. c3 Na6 11. h4 d6 12. Bg5 Qg6 13. N5d4 h6 14. Bxe7 Kxe7 15. Nf5+ Kf8 16. Qf3 Be6 17. Bxa6 Rxa6 18. Nbd4 Qf6 19. Qe2 Ra8 20. Nxe6+ Qxe6 21. h5 Re8 22. Rh4 g5 23. hxg6 fxg6 24. Ng3 Kg7 25. f4 Qf6 26. Qg4 Kf8 27. Rh3 h5 28. Qh4 Qf7 29. Rh1 Rh7 30. 0-0-0 Be3+ 31. Kb1 Bxf4 32. Rd5 Kg8 33. Rxa5 b6 34. Rf5 gxf5 35. Qxf4 fxe4 36. Qg5+ Rg7 0-1